000
00514nam a2200169Ia 4500
008
090711s9999 xx 000 0 und d
082
_b
1363
100
_a
भारद्वाज मंदाकिनी
245
_a
नाती
260
_b
स्वप्न प्रकाशन
300
_a
192
600
_a
भारद्वाज मंदाकिनी
630
_a
नाती
700
_a
भारद्वाज मंदाकिनी
730
_a
नाती
942
_c
BOOK
999
_c
324976
_d
324976